The community of Asia : concept or reality? / (Record no. 117756)
[ view plain ]
| 000 -LEADER | |
|---|---|
| fixed length control field | 00478nam a2200157Ia 4500 |
| 008 - FIXED-LENGTH DATA ELEMENTS--GENERAL INFORMATION | |
| fixed length control field | 140529s9999 xx 000 0 und d |
| 020 ## - INTERNATIONAL STANDARD BOOK NUMBER | |
| International Standard Book Number | 9789712717828 |
| 050 ## - LIBRARY OF CONGRESS CALL NUMBER | |
| Classification number | DS 12 |
| Item number | .C6333 2006 |
| 245 #4 - TITLE STATEMENT | |
| Title | The community of Asia : concept or reality? / |
| Statement of responsibility, etc | editors, Urvashi Butalia ... [et al.] |
| 260 ## - PUBLICATION, DISTRIBUTION, ETC. (IMPRINT) | |
| Place of publication, distribution, etc | Pasig City, Philippines : |
| Name of publisher, distributor, etc | Anvil Pub., |
| Date of publication, distribution, etc | c2006. |
| 300 ## - PHYSICAL DESCRIPTION | |
| Extent | 392 p. : |
| Other physical details | ill. ; |
| Dimensions | 23 cm. |
| 500 ## - GENERAL NOTE | |
| General note | Includes index. |
| 521 ## - TARGET AUDIENCE NOTE | |
| Target audience note | |
| 942 ## - ADDED ENTRY ELEMENTS (KOHA) | |
| Call number prefix | Foreign |
| Koha item type | Books |
| Withdrawn status | Lost status | Damaged status | Home library | Current library | Shelving location | Date acquired | Cost, normal purchase price | Total Checkouts | Full call number | Barcode | Date last seen | Price effective from | Koha item type |
|---|---|---|---|---|---|---|---|---|---|---|---|---|---|
| College Library | College Library | Filipiniana Section | 05/30/2014 | 700.00 | DS 12 .C6333 2006 | C16792 | 05/08/2018 | 05/30/2014 | Books |